Finding a balance : computer software, intellectual property, and the challenge of technological change.

Bibliographic Details
Corporate Author: United States. Congress. Office of Technology Assessment
Format: Government Document Book
Language:English
Published: Washington, DC : Congress of the U.S., Office of Technology Assessment : [1992]
Subjects:

MARC

Tag First Indicator Second Indicator Subfields
LEADER 00000cam a2200000 a 4500
001 in00001100921
005 20150929182939.0
008 920514s1992 dcua b f001 0 eng d
020 |a 0160361885 :  |c $11.00 
035 |a (OCoLC)25812300 
035 |9 AFS2099AM 
037 |a 052-003-01278-2  |b GPO 
040 |a NSF  |c NSF  |d GPO  |d UtOrBLW 
043 |a n-us--- 
049 |a TXAO 
074 |a 1070-M 
086 0 |a Y 3.T 22/2:2 C 73/15 
088 |a OTA-TCT-527 
090 |a QA76.755  |b .F5 1992 
245 0 0 |a Finding a balance :  |b computer software, intellectual property, and the challenge of technological change. 
264 1 |a Washington, DC :  |b Congress of the U.S., Office of Technology Assessment :  |c [1992] 
264 2 |a Washington, DC :  |b For sale by the U.S. G.P.O., Supt. of Docs., 
300 |a vi, 228 pages :  |b illustrations ;  |c 26 cm. 
336 |a text  |b txt  |2 rdacontent 
337 |a unmediated  |b n  |2 rdamedia 
338 |a volume  |b nc  |2 rdacarrier 
500 |a Shipping list number: 92-273-P. 
500 |a "May 1992"--Title page verso. 
504 |a Includes bibliographical references and index. 
500 |a "OTA-TCT-527"--P. [4] of cover. 
650 0 |a Copyright  |x Computer programs  |z United States. 
650 0 |a Computer software  |x Patents. 
650 0 |a Intellectual property  |z United States. 
650 0 |a Trade secrets  |z United States. 
710 1 |a United States.  |b Congress.  |b Office of Technology Assessment. 
999 |a MARS 
999 f f |s 76256197-6c41-3c35-975b-9170b2041b19  |i 7f2ffeaa-fc8c-3d7e-8e6b-daf555eb69ac  |t 0 
952 f f |p normal  |a Texas A&M University  |b College Station  |c Sterling C. Evans Library  |d Evans: US Documents (Annex 5th floor)  |t 0  |e Y 3.T 22/2: 2 C 73/15  |h Superintendent of Documents classification  |i unmediated -- volume  |m A14815796249 
998 f f |a Y 3.T 22/2: 2 C 73/15  |t 0  |l Evans: US Documents (Annex 5th floor)